[Event "DEM U12w 2022"]
[Site "Willingen GER"]
[Date "2022.06.08"]
[Round "6"]
[White "Trunz, Tamila"]
[Black "Czäczine, Paula"]
[Result "1-0"]
[Termination "normal"]
[Board "2"]
[WhiteElo "1474"]
[BlackElo "1218"]
[WhiteClock "00:43:07"]
[BlackClock "00:32:18"]
[PlyCount "61"]
[WhiteFideId "16267885"]
[BlackFideId "16249305"]
[EventCountry "GER"]
[EventRounds "9"]
[EventType "swiss"]
[EventDate "2022.06.04"]

1. e4 {[%clk 01:30:52]} {[%emt 00:00:02]} e5 {[%clk 01:30:55]} {[%emt
00:00:06]} 2. Nf3 {[%clk 01:31:16]} {[%emt 00:00:05]} Nc6 {[%clk 01:31:22]}
{[%emt 00:00:02]} 3. Bc4 {[%clk 01:31:35]} {[%emt 00:00:12]} Nf6 {[%clk
01:31:37]} {[%emt 00:00:15]} 4. d3 {[%clk 01:31:04]} {[%emt 00:01:01]} d5
{[%clk 01:31:51]} {[%emt 00:00:16]} 5. exd5 {[%clk 01:31:06]} {[%emt 00:00:28]}
Nxd5 {[%clk 01:32:13]} {[%emt 00:00:08]} 6. Qe2 {[%clk 01:30:51]} {[%emt
00:00:46]} Bc5 {[%clk 01:26:51]} {[%emt 00:05:52]} 7. Bg5 {[%clk 01:28:23]}
{[%emt 00:02:57]} Qd6 {[%clk 01:23:00]} {[%emt 00:04:22]} 8. Nbd2 {[%clk
01:25:50]} {[%emt 00:03:02]} Nf6 {[%clk 01:13:44]} {[%emt 00:09:45]} 9. Rd1
{[%clk 01:19:24]} {[%emt 00:06:56]} O-O {[%clk 01:08:22]} {[%emt 00:05:53]} 10.
O-O {[%clk 01:16:40]} {[%emt 00:03:14]} Bg4 {[%clk 01:02:12]} {[%emt 00:06:40]}
11. c3 {[%clk 01:14:16]} {[%emt 00:02:55]} Bb6 {[%clk 01:00:06]} {[%emt
00:02:35]} 12. h3 {[%clk 01:11:57]} {[%emt 00:02:48]} Bh5 {[%clk 00:59:05]}
{[%emt 00:01:31]} 13. Ne4 {[%clk 01:09:03]} {[%emt 00:03:25]} Nxe4 {[%clk
00:59:06]} {[%emt 00:00:29]} 14. dxe4 {[%clk 01:08:52]} {[%emt 00:00:41]} Bxf3
{[%clk 00:56:40]} {[%emt 00:02:56]} 15. Qxf3 {[%clk 01:09:09]} {[%emt
00:00:13]} Qg6 {[%clk 00:55:29]} {[%emt 00:01:42]} 16. Be3 {[%clk 01:06:45]}
{[%emt 00:02:53]} Bxe3 {[%clk 00:53:13]} {[%emt 00:02:46]} 17. fxe3 {[%clk
01:05:59]} {[%emt 00:01:16]} Rae8 {[%clk 00:48:52]} {[%emt 00:04:50]} 18. Rd7
{[%clk 01:01:40]} {[%emt 00:04:49]} Re7 {[%clk 00:48:22]} {[%emt 00:01:02]} 19.
Rfd1 {[%clk 00:58:48]} {[%emt 00:03:21]} Rfe8 {[%clk 00:44:10]} {[%emt
00:04:42]} 20. b4 {[%clk 00:58:08]} {[%emt 00:01:10]} Rxd7 {[%clk 00:42:27]}
{[%emt 00:02:13]} 21. Rxd7 {[%clk 00:58:21]} {[%emt 00:00:17]} Re7 {[%clk
00:42:46]} {[%emt 00:00:12]} 22. Rd1 {[%clk 00:58:19]} {[%emt 00:00:29]} a6
{[%clk 00:41:36]} {[%emt 00:01:42]} 23. a4 {[%clk 00:58:05]} {[%emt 00:00:44]}
h6 {[%clk 00:41:13]} {[%emt 00:00:53]} 24. b5 {[%clk 00:56:53]} {[%emt
00:01:42]} axb5 {[%clk 00:41:04]} {[%emt 00:00:39]} 25. axb5 {[%clk 00:56:21]}
{[%emt 00:01:01]} Na5 {[%clk 00:41:00]} {[%emt 00:00:35]} 26. Ba2 {[%clk
00:54:45]} {[%emt 00:02:05]} c6 {[%clk 00:38:38]} {[%emt 00:02:53]} 27. Rd8+
{[%clk 00:53:01]} {[%emt 00:02:13]} Kh7 {[%clk 00:38:40]} {[%emt 00:00:29]} 28.
Rf8 {[%clk 00:43:42]} {[%emt 00:09:48]} cxb5 {[%clk 00:35:03]} {[%emt
00:04:08]} 29. Bxf7 {[%clk 00:43:17]} {[%emt 00:00:55]} Qf6 {[%clk 00:32:16]}
{[%emt 00:03:16]} 30. Bg8+ {[%clk 00:42:55]} {[%emt 00:00:53]} Kh8 {[%clk
00:32:18]} {[%emt 00:00:28]} 31. Rxf6 {[%clk 00:43:07]} {[%emt 00:00:18]} 1-0

[Event "DEM U12w 2022"]
[Site "Willingen GER"]
[Date "2022.06.08"]
[Round "6"]
[White "Vogt, Luna"]
[Black "Bauer, Laura Sophie"]
[Result "1/2-1/2"]
[Termination "normal"]
[Board "3"]
[WhiteElo "1334"]
[BlackElo "1428"]
[WhiteClock "00:28:14"]
[BlackClock "00:22:26"]
[PlyCount "57"]
[WhiteFideId "34607153"]
[BlackFideId "16253647"]
[EventCountry "GER"]
[EventRounds "9"]
[EventType "swiss"]
[EventDate "2022.06.04"]

1. d4 {[%clk 01:30:58]} {[%emt 00:00:01]} d5 {[%clk 01:30:55]} {[%emt
00:00:05]} 2. c4 {[%clk 01:31:24]} {[%emt 00:00:05]} e6 {[%clk 01:31:20]}
{[%emt 00:00:05]} 3. Nf3 {[%clk 01:31:44]} {[%emt 00:00:09]} Nf6 {[%clk
01:31:36]} {[%emt 00:00:14]} 4. Bg5 {[%clk 01:31:59]} {[%emt 00:00:15]} Be7
{[%clk 01:31:47]} {[%emt 00:00:19]} 5. e3 {[%clk 01:31:52]} {[%emt 00:00:37]}
O-O {[%clk 01:31:48]} {[%emt 00:00:29]} 6. Nc3 {[%clk 01:31:53]} {[%emt
00:00:29]} h6 {[%clk 01:31:30]} {[%emt 00:00:48]} 7. Bh4 {[%clk 01:32:15]}
{[%emt 00:00:08]} Re8 {[%clk 01:30:37]} {[%emt 00:01:23]} 8. Bd3 {[%clk
01:31:34]} {[%emt 00:01:11]} c6 {[%clk 01:29:09]} {[%emt 00:01:58]} 9. O-O
{[%clk 01:31:46]} {[%emt 00:00:18]} Nbd7 {[%clk 01:28:34]} {[%emt 00:01:06]}
10. Re1 {[%clk 01:30:37]} {[%emt 00:01:39]} b6 {[%clk 01:26:12]} {[%emt
00:02:53]} 11. Rc1 {[%clk 01:28:59]} {[%emt 00:02:07]} Bb7 {[%clk 01:25:17]}
{[%emt 00:01:25]} 12. Qe2 {[%clk 01:28:56]} {[%emt 00:00:32]} c5 {[%clk
01:21:11]} {[%emt 00:04:37]} 13. a3 {[%clk 01:25:43]} {[%emt 00:03:43]} Rc8
{[%clk 01:09:26]} {[%emt 00:12:15]} 14. Red1 {[%clk 01:24:23]} {[%emt
00:01:50]} Ne4 {[%clk 01:08:09]} {[%emt 00:01:47]} 15. Bxe7 {[%clk 01:20:18]}
{[%emt 00:04:34]} Qxe7 {[%clk 01:04:41]} {[%emt 00:03:58]} 16. Bxe4 {[%clk
01:12:13]} {[%emt 00:08:35]} dxe4 {[%clk 01:04:52]} {[%emt 00:00:19]} 17. Nd2
{[%clk 01:11:47]} {[%emt 00:00:56]} f5 {[%clk 01:03:30]} {[%emt 00:01:52]} 18.
f3 {[%clk 01:08:36]} {[%emt 00:03:41]} exf3 {[%clk 01:03:22]} {[%emt 00:00:38]}
19. Nxf3 {[%clk 01:08:43]} {[%emt 00:00:23]} g5 {[%clk 01:00:13]} {[%emt
00:03:40]} 20. Rf1 {[%clk 01:01:15]} {[%emt 00:07:57]} g4 {[%clk 00:57:34]}
{[%emt 00:03:10]} 21. Nd2 {[%clk 01:01:00]} {[%emt 00:00:45]} Qg7 {[%clk
00:57:30]} {[%emt 00:00:33]} 22. Nb3 {[%clk 00:56:03]} {[%emt 00:05:28]} a6
{[%clk 00:51:57]} {[%emt 00:06:03]} 23. Qd3 {[%clk 00:54:52]} {[%emt 00:01:41]}
g3 {[%clk 00:51:11]} {[%emt 00:01:15]} 24. h3 {[%clk 00:50:42]} {[%emt
00:04:40]} Red8 {[%clk 00:42:50]} {[%emt 00:08:51]} 25. Qe2 {[%clk 00:43:30]}
{[%emt 00:07:42]} Nf8 {[%clk 00:37:31]} {[%emt 00:05:49]} 26. Rcd1 {[%clk
00:42:29]} {[%emt 00:01:31]} Qg5 {[%clk 00:35:08]} {[%emt 00:02:53]} 27. e4
{[%clk 00:35:36]} {[%emt 00:07:23]} f4 {[%clk 00:28:30]} {[%emt 00:07:08]} 28.
d5 {[%clk 00:31:03]} {[%emt 00:05:03]} e5 {[%clk 00:22:26]} {[%emt 00:06:33]}
29. Nd2 {[%clk 00:28:14]} {[%emt 00:03:20]} 1/2-1/2

[Event "DEM U12w 2022"]
[Site "Willingen GER"]
[Date "2022.06.08"]
[Round "6"]
[White "Wagner, Cosima"]
[Black "Kutz, Ida Klara"]
[Result "0-1"]
[Termination "normal"]
[Board "4"]
[WhiteElo "1362"]
[BlackElo "1327"]
[WhiteClock "00:42:40"]
[BlackClock "01:10:03"]
[PlyCount "52"]
[WhiteFideId "34603484"]
[BlackFideId "16296257"]
[EventCountry "GER"]
[EventRounds "9"]
[EventType "swiss"]
[EventDate "2022.06.04"]

1. d4 {[%clk 01:30:57]} {[%emt 00:00:02]} Nf6 {[%clk 01:30:34]} {[%emt
00:00:26]} 2. Nc3 {[%clk 01:31:18]} {[%emt 00:00:09]} g6 {[%clk 01:30:37]}
{[%emt 00:00:27]} 3. e4 {[%clk 01:31:27]} {[%emt 00:00:21]} d6 {[%clk
01:30:54]} {[%emt 00:00:13]} 4. f4 {[%emt 00:01:00]} Bg7 {[%clk 01:30:36]}
{[%emt 00:00:46]} 5. Nf3 {[%clk 01:29:37]} {[%emt 00:01:53]} O-O {[%clk
01:30:06]} {[%emt 00:00:59]} 6. h3 {[%clk 01:27:29]} {[%emt 00:02:38]} Nh5
{[%clk 01:27:40]} {[%emt 00:02:56]} 7. Bc4 {[%clk 01:22:10]} {[%emt 00:05:49]}
Nd7 {[%clk 01:27:08]} {[%emt 00:01:01]} 8. Be3 {[%clk 01:20:08]} {[%emt
00:02:33]} e5 {[%clk 01:24:07]} {[%emt 00:03:31]} 9. f5 {[%clk 01:13:22]}
{[%emt 00:07:16]} Ng3 {[%clk 01:20:04]} {[%emt 00:04:32]} 10. Rg1 {[%clk
01:08:56]} {[%emt 00:04:57]} gxf5 {[%clk 01:20:07]} {[%emt 00:00:27]} 11. Bd3
{[%clk 00:59:32]} {[%emt 00:09:54]} fxe4 {[%clk 01:18:25]} {[%emt 00:02:12]}
12. Nxe4 {[%emt 00:00:43]} Nxe4 {[%clk 01:17:40]} {[%emt 00:01:13]} 13. Bxe4
{[%clk 00:59:25]} {[%emt 00:00:26]} exd4 {[%clk 01:17:32]} {[%emt 00:00:38]}
14. Nxd4 {[%clk 00:56:25]} {[%emt 00:03:29]} Qh4+ {[%clk 01:16:51]} {[%emt
00:01:12]} 15. g3 {[%clk 00:51:43]} {[%emt 00:05:12]} Qxe4 {[%clk 01:16:59]}
{[%emt 00:00:21]} 16. Qd3 {[%clk 00:51:18]} {[%emt 00:00:55]} Qxd3 {[%clk
01:16:48]} {[%emt 00:00:41]} 17. cxd3 {[%clk 00:51:32]} {[%emt 00:00:17]} Re8
{[%clk 01:16:30]} {[%emt 00:00:49]} 18. Kd2 {[%clk 00:51:32]} {[%emt 00:00:29]}
Ne5 {[%clk 01:16:21]} {[%emt 00:00:40]} 19. Rh1 {[%clk 00:49:41]} {[%emt
00:02:19]} c5 {[%clk 01:15:16]} {[%emt 00:01:36]} 20. Ne2 {[%clk 00:48:11]}
{[%emt 00:02:01]} Nf3+ {[%clk 01:15:02]} {[%emt 00:00:44]} 21. Kc2 {[%clk
00:48:01]} {[%emt 00:00:39]} Rxe3 {[%clk 01:11:34]} {[%emt 00:03:58]} 22. Nf4
{[%clk 00:47:21]} {[%emt 00:01:10]} Nd4+ {[%clk 01:11:12]} {[%emt 00:00:53]}
23. Kd2 {[%clk 00:46:08]} {[%emt 00:01:43]} Rxg3 {[%clk 01:11:08]} {[%emt
00:00:33]} 24. Rab1 {[%clk 00:44:47]} {[%emt 00:01:51]} Bh6 {[%clk 01:11:05]}
{[%emt 00:00:33]} 25. Rbf1 {[%clk 00:44:07]} {[%emt 00:01:10]} Ne6 {[%clk
01:10:13]} {[%emt 00:01:22]} 26. Rhg1 {[%clk 00:42:40]} {[%emt 00:01:57]} Bxf4+
{[%clk 01:10:03]} {[%emt 00:00:40]} 0-1

[Event "DEM U12w 2022"]
[Site "Willingen GER"]
[Date "2022.06.08"]
[Round "6"]
[White "Dodul, Alice"]
[Black "Türel, Tugce"]
[Result "1-0"]
[Termination "normal"]
[Board "5"]
[WhiteElo "1329"]
[BlackElo "1312"]
[WhiteClock "01:16:02"]
[BlackClock "01:02:12"]
[PlyCount "135"]
[WhiteFideId "34623817"]
[BlackFideId "26350602"]
[EventCountry "GER"]
[EventRounds "9"]
[EventType "swiss"]
[EventDate "2022.06.04"]

1. e4 {[%clk 01:30:52]} {[%emt 00:00:07]} e5 {[%clk 01:30:56]} {[%emt
00:00:05]} 2. Nf3 {[%clk 01:31:14]} {[%emt 00:00:07]} Nc6 {[%clk 01:31:15]}
{[%emt 00:00:11]} 3. Bc4 {[%clk 01:31:25]} {[%emt 00:00:20]} Bc5 {[%clk
01:31:38]} {[%emt 00:00:07]} 4. Nc3 {[%clk 01:31:45]} {[%emt 00:00:10]} Nf6
{[%clk 01:31:54]} {[%emt 00:00:14]} 5. d3 {[%clk 01:31:57]} {[%emt 00:00:17]}
h6 {[%clk 01:32:08]} {[%emt 00:00:15]} 6. h3 {[%clk 01:31:47]} {[%emt
00:00:41]} d6 {[%clk 01:32:31]} {[%emt 00:00:08]} 7. Na4 {[%clk 01:32:06]}
{[%emt 00:00:10]} Bb6 {[%clk 01:31:13]} {[%emt 00:01:48]} 8. Nxb6 {[%clk
01:32:22]} {[%emt 00:00:14]} axb6 {[%clk 01:31:35]} {[%emt 00:00:07]} 9. a3
{[%clk 01:32:29]} {[%emt 00:00:24]} Be6 {[%clk 01:31:44]} {[%emt 00:00:20]} 10.
Bxe6 {[%clk 01:32:33]} {[%emt 00:00:26]} fxe6 {[%clk 01:32:07]} {[%emt
00:00:08]} 11. O-O {[%clk 01:32:33]} {[%emt 00:00:30]} d5 {[%clk 01:32:11]}
{[%emt 00:00:26]} 12. exd5 {[%clk 01:32:02]} {[%emt 00:01:01]} exd5 {[%clk
01:32:26]} {[%emt 00:00:15]} 13. Nxe5 {[%clk 01:30:56]} {[%emt 00:01:35]} Nxe5
{[%clk 01:31:57]} {[%emt 00:01:00]} 14. Re1 {[%clk 01:31:09]} {[%emt 00:00:17]}
Qd6 {[%clk 01:31:11]} {[%emt 00:01:16]} 15. d4 {[%clk 01:31:01]} {[%emt
00:00:39]} Nfd7 {[%clk 01:26:48]} {[%emt 00:04:52]} 16. dxe5 {[%clk 01:30:56]}
{[%emt 00:00:35]} Qe6 {[%clk 01:26:31]} {[%emt 00:00:46]} 17. Qf3 {[%clk
01:26:18]} {[%emt 00:05:08]} O-O-O {[%clk 01:25:40]} {[%emt 00:01:22]} 18. Qb3
{[%clk 01:25:45]} {[%emt 00:01:03]} Rhe8 {[%clk 01:23:07]} {[%emt 00:03:03]}
19. a4 {[%clk 01:23:03]} {[%emt 00:03:13]} Nxe5 {[%clk 01:23:18]} {[%emt
00:00:18]} 20. Bf4 {[%clk 01:22:54]} {[%emt 00:00:39]} Qf6 {[%clk 01:22:28]}
{[%emt 00:01:19]} 21. Bxe5 {[%clk 01:22:07]} {[%emt 00:01:19]} Rxe5 {[%clk
01:22:40]} {[%emt 00:00:17]} 22. Qd3 {[%clk 01:16:27]} {[%emt 00:06:09]} Rxe1+
{[%clk 01:18:22]} {[%emt 00:04:49]} 23. Rxe1 {[%clk 01:16:47]} {[%emt
00:00:10]} Qxb2 {[%clk 01:18:29]} {[%emt 00:00:22]} 24. Qg6 {[%clk 01:15:07]}
{[%emt 00:02:10]} Qf6 {[%clk 01:14:45]} {[%emt 00:04:14]} 25. Qxf6 {[%clk
01:14:06]} {[%emt 00:01:31]} gxf6 {[%clk 01:15:06]} {[%emt 00:00:10]} 26. f4
{[%clk 01:13:44]} {[%emt 00:00:52]} Kd7 {[%clk 01:14:30]} {[%emt 00:01:06]} 27.
Kf2 {[%clk 01:13:45]} {[%emt 00:00:28]} Ra8 {[%clk 01:12:44]} {[%emt 00:02:18]}
28. Ra1 {[%clk 01:13:17]} {[%emt 00:00:57]} Ra5 {[%clk 01:03:45]} {[%emt
00:09:29]} 29. Kg3 {[%clk 01:12:39]} {[%emt 00:01:07]} b5 {[%clk 01:03:22]}
{[%emt 00:00:55]} 30. Kg4 {[%clk 01:12:57]} {[%emt 00:00:11]} bxa4 {[%clk
01:01:03]} {[%emt 00:02:50]} 31. Kh5 {[%clk 01:13:01]} {[%emt 00:00:25]} a3
{[%clk 00:59:41]} {[%emt 00:01:52]} 32. Kxh6 {[%clk 01:13:10]} {[%emt
00:00:21]} Ke6 {[%clk 00:59:21]} {[%emt 00:00:51]} 33. Kg6 {[%clk 01:13:08]}
{[%emt 00:00:30]} a2 {[%clk 00:58:55]} {[%emt 00:00:58]} 34. h4 {[%clk
01:13:14]} {[%emt 00:00:23]} d4 {[%clk 00:58:43]} {[%emt 00:00:42]} 35. h5
{[%clk 01:13:18]} {[%emt 00:00:25]} Ke7 {[%clk 00:57:19]} {[%emt 00:01:55]} 36.
h6 {[%clk 01:11:51]} {[%emt 00:01:58]} b5 {[%clk 00:56:00]} {[%emt 00:01:49]}
37. h7 {[%clk 01:11:50]} {[%emt 00:00:30]} Ra8 {[%clk 00:55:08]} {[%emt
00:01:23]} 38. Kg7 {[%clk 01:11:51]} {[%emt 00:00:28]} c5 {[%clk 00:55:07]}
{[%emt 00:00:32]} 39. h8=Q {[%clk 01:12:05]} {[%emt 00:00:15]} Rxh8 {[%clk
00:55:33]} {[%emt 00:00:04]} 40. Kxh8 {[%clk 01:12:18]} {[%emt 00:00:17]} Ke6
{[%clk 00:55:38]} {[%emt 00:00:25]} 41. Rxa2 {[%clk 01:12:33]} {[%emt
00:00:15]} b4 {[%clk 00:53:58]} {[%emt 00:02:11]} 42. Ra5 {[%clk 01:11:58]}
{[%emt 00:01:04]} Kd5 {[%clk 00:54:01]} {[%emt 00:00:27]} 43. Kg7 {[%clk
01:11:58]} {[%emt 00:00:30]} Ke4 {[%clk 00:53:44]} {[%emt 00:00:48]} 44. Rxc5
{[%clk 01:12:00]} {[%emt 00:00:28]} Kxf4 {[%clk 00:54:07]} {[%emt 00:00:07]}
45. Kxf6 {[%clk 01:12:07]} {[%emt 00:00:23]} b3 {[%clk 00:54:15]} {[%emt
00:00:22]} 46. cxb3 {[%clk 01:12:14]} {[%emt 00:00:22]} d3 {[%clk 00:54:37]}
{[%emt 00:00:08]} 47. Rd5 {[%clk 01:12:31]} {[%emt 00:00:13]} Ke3 {[%clk
00:55:02]} {[%emt 00:00:06]} 48. g4 {[%clk 01:12:44]} {[%emt 00:00:16]} d2
{[%clk 00:55:23]} {[%emt 00:00:09]} 49. g5 {[%clk 01:13:05]} {[%emt 00:00:09]}
Ke2 {[%clk 00:55:49]} {[%emt 00:00:04]} 50. g6 {[%clk 01:13:10]} {[%emt
00:00:25]} d1=Q {[%clk 00:56:13]} {[%emt 00:00:06]} 51. Rxd1 {[%clk 01:13:31]}
{[%emt 00:00:08]} Kxd1 {[%clk 00:56:39]} {[%emt 00:00:05]} 52. g7 {[%clk
01:13:55]} {[%emt 00:00:05]} Kc2 {[%clk 00:57:05]} {[%emt 00:00:04]} 53. g8=R
{[%emt 00:00:21]} Kxb3 {[%emt 00:00:05]} 54. Rc8 {[%clk 01:13:47]} {[%emt
00:00:13]} Kb4 {[%clk 00:57:32]} {[%emt 00:00:04]} 55. Ke6 {[%clk 01:14:05]}
{[%emt 00:00:11]} Kb5 {[%clk 00:57:53]} {[%emt 00:00:08]} 56. Kd6 {[%clk
01:14:24]} {[%emt 00:00:12]} Kb4 {[%clk 00:58:19]} {[%emt 00:00:04]} 57. Kd5
{[%clk 01:14:31]} {[%emt 00:00:23]} Kb3 {[%clk 00:58:46]} {[%emt 00:00:04]} 58.
Kd4 {[%clk 01:14:52]} {[%emt 00:00:09]} Kb2 {[%clk 00:59:13]} {[%emt 00:00:02]}
59. Kd3 {[%clk 01:14:58]} {[%emt 00:00:24]} Kb1 {[%clk 00:59:38]} {[%emt
00:00:06]} 60. Kd2 {[%clk 01:14:28]} {[%emt 00:00:59]} Kb2 {[%clk 00:59:52]}
{[%emt 00:00:16]} 61. Rb8+ {[%clk 01:14:38]} {[%emt 00:00:20]} Ka3 {[%clk
00:59:53]} {[%emt 00:00:29]} 62. Kc3 {[%clk 01:14:34]} {[%emt 00:00:34]} Ka4
{[%clk 01:00:19]} {[%emt 00:00:04]} 63. Kc4 {[%clk 01:14:41]} {[%emt 00:00:22]}
Ka5 {[%clk 01:00:43]} {[%emt 00:00:06]} 64. Rb2 {[%clk 01:14:50]} {[%emt
00:00:22]} Ka6 {[%clk 01:01:01]} {[%emt 00:00:12]} 65. Kc5 {[%clk 01:15:02]}
{[%emt 00:00:18]} Ka7 {[%clk 01:01:27]} {[%emt 00:00:04]} 66. Kc6 {[%clk
01:15:24]} {[%emt 00:00:08]} Ka8 {[%clk 01:01:52]} {[%emt 00:00:05]} 67. Kc7
{[%clk 01:15:37]} {[%emt 00:00:16]} Ka7 {[%clk 01:02:12]} {[%emt 00:00:11]} 68.
Ra2# {[%clk 01:16:02]} {[%emt 00:00:04]} 1-0

[Event "DEM U12w 2022"]
[Site "Willingen GER"]
[Date "2022.06.08"]
[Round "6"]
[White "Mehner, Clara"]
[Black "Richter, Johanna"]
[Result "0-1"]
[Termination "normal"]
[Board "6"]
[WhiteElo "1056"]
[BlackElo "1363"]
[WhiteClock "00:54:13"]
[BlackClock "01:16:21"]
[PlyCount "116"]
[WhiteFideId "34612165"]
[BlackFideId "16278925"]
[EventCountry "GER"]
[EventRounds "9"]
[EventType "swiss"]
[EventDate "2022.06.04"]

1. e4 {[%clk 01:30:59]} c5 {[%clk 01:30:52]} {[%emt 00:00:09]} 2. Nf3 {[%clk
01:31:17]} {[%emt 00:00:11]} Nc6 {[%clk 01:31:15]} {[%emt 00:00:07]} 3. d4
{[%clk 01:31:37]} {[%emt 00:00:10]} cxd4 {[%clk 01:31:39]} {[%emt 00:00:06]} 4.
Nxd4 {[%clk 01:31:56]} {[%emt 00:00:11]} Nf6 {[%clk 01:32:03]} {[%emt
00:00:06]} 5. f3 {[%clk 01:31:51]} {[%emt 00:00:35]} e5 {[%clk 01:31:38]}
{[%emt 00:00:55]} 6. Nb5 {[%clk 01:31:49]} {[%emt 00:00:32]} d6 {[%clk
01:32:00]} {[%emt 00:00:08]} 7. c4 {[%clk 01:31:27]} {[%emt 00:00:53]} a6
{[%clk 01:31:40]} {[%emt 00:00:49]} 8. N5a3 {[%clk 01:31:09]} {[%emt 00:00:49]}
Be7 {[%clk 01:31:10]} {[%emt 00:00:59]} 9. Nc3 {[%clk 01:30:07]} {[%emt
00:01:32]} O-O {[%clk 01:30:30]} {[%emt 00:01:10]} 10. Be2 {[%clk 01:29:48]}
{[%emt 00:00:48]} Nh5 {[%clk 01:23:52]} {[%emt 00:07:05]} 11. Be3 {[%clk
01:23:22]} {[%emt 00:07:00]} Kh8 {[%clk 01:21:44]} {[%emt 00:02:38]} 12. O-O
{[%clk 01:21:34]} {[%emt 00:02:18]} f5 {[%clk 01:12:56]} {[%emt 00:09:18]} 13.
f4 {[%clk 01:09:30]} {[%emt 00:12:34]} Nxf4 {[%clk 01:13:12]} {[%emt 00:00:14]}
14. Bxf4 {[%clk 01:09:04]} {[%emt 00:00:56]} exf4 {[%clk 01:13:37]} {[%emt
00:00:05]} 15. Rxf4 {[%clk 01:08:50]} {[%emt 00:00:44]} Qb6+ {[%clk 01:13:48]}
{[%emt 00:00:19]} 16. Kh1 {[%clk 01:08:40]} {[%emt 00:00:40]} Qxb2 {[%clk
01:13:46]} {[%emt 00:00:33]} 17. Qc1 {[%clk 01:04:16]} {[%emt 00:04:53]} Qxc1+
{[%clk 01:14:05]} {[%emt 00:00:11]} 18. Rxc1 {[%clk 01:04:34]} {[%emt
00:00:12]} Bg5 {[%clk 01:14:32]} {[%emt 00:00:03]} 19. Rcf1 {[%clk 01:03:39]}
{[%emt 00:01:25]} Bxf4 {[%clk 01:14:53]} {[%emt 00:00:10]} 20. Rxf4 {[%clk
01:03:39]} {[%emt 00:00:29]} Bd7 {[%clk 01:12:42]} {[%emt 00:02:38]} 21. Nd5
{[%clk 01:02:37]} {[%emt 00:01:35]} fxe4 {[%clk 01:12:05]} {[%emt 00:01:07]}
22. Rxe4 {[%clk 01:02:47]} {[%emt 00:00:19]} Rae8 {[%clk 01:11:47]} {[%emt
00:00:47]} 23. Rxe8 {[%clk 01:00:01]} {[%emt 00:03:18]} Rxe8 {[%clk 01:12:12]}
{[%emt 00:00:05]} 24. Nc3 {[%clk 00:59:13]} {[%emt 00:01:18]} Nd4 {[%clk
01:11:16]} {[%emt 00:01:27]} 25. Bf1 {[%clk 00:58:54]} {[%emt 00:00:49]} b5
{[%clk 01:10:36]} {[%emt 00:01:10]} 26. cxb5 {[%clk 00:56:50]} {[%emt
00:02:33]} Nxb5 {[%clk 01:10:33]} {[%emt 00:00:32]} 27. Naxb5 {[%clk 00:56:56]}
{[%emt 00:00:25]} Bxb5 {[%clk 01:10:23]} {[%emt 00:00:41]} 28. Nxb5 {[%clk
00:56:58]} {[%emt 00:00:27]} axb5 {[%clk 01:10:49]} {[%emt 00:00:04]} 29. a3
{[%clk 00:56:47]} {[%emt 00:00:41]} Ra8 {[%clk 01:09:32]} {[%emt 00:01:47]} 30.
Bxb5 {[%clk 00:55:49]} {[%emt 00:01:28]} Rxa3 {[%clk 01:09:59]} {[%emt
00:00:03]} 31. Kg1 {[%clk 00:55:56]} {[%emt 00:00:22]} Ra2 {[%clk 01:09:27]}
{[%emt 00:01:02]} 32. Kf1 {[%clk 00:56:08]} {[%emt 00:00:18]} Rb2 {[%clk
01:09:43]} {[%emt 00:00:15]} 33. Bc4 {[%clk 00:55:55]} {[%emt 00:00:42]} h6
{[%clk 01:08:58]} {[%emt 00:01:16]} 34. Bd5 {[%clk 00:55:00]} {[%emt 00:01:25]}
g5 {[%clk 01:09:03]} {[%emt 00:00:25]} 35. h3 {[%clk 00:54:37]} {[%emt
00:00:52]} Kg7 {[%clk 01:09:28]} {[%emt 00:00:06]} 36. Kg1 {[%clk 00:54:13]}
{[%emt 00:00:53]} Kf6 {[%clk 01:09:50]} {[%emt 00:00:08]} 37. g3 {[%clk
00:54:10]} {[%emt 00:00:33]} Ke5 {[%clk 01:10:11]} {[%emt 00:00:10]} 38. Bf3
{[%clk 00:54:05]} {[%emt 00:00:33]} d5 {[%clk 01:09:55]} {[%emt 00:00:48]} 39.
h4 {[%clk 00:54:15]} {[%emt 00:00:20]} gxh4 {[%clk 01:10:18]} {[%emt 00:00:07]}
40. gxh4 {[%clk 00:54:32]} {[%emt 00:00:12]} d4 {[%clk 01:10:44]} {[%emt
00:00:05]} 41. Kf1 {[%clk 00:54:16]} {[%emt 00:00:46]} Kf4 {[%clk 01:11:04]}
{[%emt 00:00:10]} 42. Be2 {[%clk 00:53:30]} {[%emt 00:01:15]} Kg3 {[%clk
01:11:06]} {[%emt 00:00:28]} 43. Ke1 {[%clk 00:51:51]} {[%emt 00:02:09]} Kxh4
{[%clk 01:10:48]} {[%emt 00:00:49]} 44. Bd3 {[%clk 00:51:04]} {[%emt 00:01:16]}
Kg3 {[%clk 01:11:07]} {[%emt 00:00:12]} 45. Be2 {[%clk 00:51:11]} {[%emt
00:00:22]} Rxe2+ {[%clk 01:11:20]} {[%emt 00:00:18]} 46. Kxe2 {[%clk 00:51:32]}
{[%emt 00:00:09]} h5 {[%clk 01:11:46]} {[%emt 00:00:04]} 47. Kd3 {[%clk
00:51:42]} {[%emt 00:00:20]} h4 {[%clk 01:12:10]} {[%emt 00:00:06]} 48. Kxd4
{[%clk 00:52:04]} {[%emt 00:00:08]} h3 {[%clk 01:12:36]} {[%emt 00:00:04]} 49.
Ke3 {[%clk 00:52:20]} {[%emt 00:00:14]} h2 {[%clk 01:13:01]} {[%emt 00:00:05]}
50. Kd4 {[%clk 00:52:27]} {[%emt 00:00:24]} h1=Q {[%clk 01:13:24]} {[%emt
00:00:07]} 51. Ke5 {[%clk 00:52:37]} {[%emt 00:00:20]} Qh4 {[%clk 01:13:47]}
{[%emt 00:00:06]} 52. Kd5 {[%clk 00:52:51]} {[%emt 00:00:16]} Kf3 {[%clk
01:14:09]} {[%emt 00:00:08]} 53. Ke5 {[%clk 00:53:11]} {[%emt 00:00:10]} Ke3
{[%clk 01:14:27]} {[%emt 00:00:13]} 54. Kd5 {[%clk 00:53:27]} {[%emt 00:00:14]}
Qe4+ {[%clk 01:14:52]} {[%emt 00:00:05]} 55. Kc5 {[%clk 00:53:36]} {[%emt
00:00:20]} Qd4+ {[%clk 01:15:15]} {[%emt 00:00:07]} 56. Kc6 {[%clk 00:53:54]}
{[%emt 00:00:12]} Qe5 {[%clk 01:15:37]} {[%emt 00:00:08]} 57. Kb6 {[%clk
00:54:07]} {[%emt 00:00:17]} Qd5 {[%clk 01:15:57]} {[%emt 00:00:10]} 58. Kc7
{[%clk 00:54:13]} {[%emt 00:00:24]} Kd4 {[%clk 01:16:21]} {[%emt 00:00:06]} 0-1